TV Mixed Signals Quiz Stats

 Plays Quiz Updated Apr 22, 2015

Also try: TV Role Mash-Up
Challenge
Share
Tweet
Embed
Score 0/20 Timer 05:00
0 Plays Today
% Correct
SpongeBob Newhart Show
95.6%
Hell's Kitchen Nightmares
94.5%
The Walking Dead Like Me
94.4%
Prison Breaking Bad
92.6%
Addams Family Guy
92.4%
CSI Miami Vice
91.5%
The Newlywed Game of Thrones
90.6%
Orange is the New Blacklist
90.6%
The Jeffersons of Anarchy
90.6%
Full House of Cards
90.2%
% Correct
South Parks and Recreation
90%
Mad Mentalist
89.8%
Hollywood Game Night Court
88.7%
Happy Days of Our Lives
88.1%
Doctor Who's The Boss?
85.2%
Two and a Half Men of a Certain Age
77.2%
Breakout Kings of Queens
76.1%
Small Wonder Years
75%
Modern Family Ties
72.6%
All in the Family Matters
70.6%

You're not logged in!

Compare scores with friends on all Sporcle quizzes.
Join for Free
OR
Log In

You Might Also Like...

Show Comments

Extras

Top Quizzes Today


Score Distribution

Your Account Isn't Verified!

In order to create a playlist on Sporcle, you need to verify the email address you used during registration. Go to your Sporcle Settings to finish the process.

Report this User

Report this user for behavior that violates our Community Guidelines.

Details: